Normal view MARC view
  • Messrs. Fleet & Brewer

Entry Corporate Name

Number of records used in: 1

001 - CONTROL NUMBER

  • control field: 6119

003 - CONTROL NUMBER IDENTIFIER

  • control field: OSt

005 - DATE AND TIME OF LATEST TRANSACTION

  • control field: 20190806150249.0

008 - FIXED-LENGTH DATA ELEMENTS

  • fixed length control field: 121119n| acannaabn |n ana d

040 ## - CATALOGING SOURCE

  • Original cataloging agency: OSt
  • Transcribing agency: OSt

110 2# - HEADING--CORPORATE NAME

  • Corporate name or jurisdiction name as entry element: Messrs. Fleet & Brewer

670 ## - SOURCE DATA FOUND

  • Source citation: The award of the commissioner appointed by an Act of Parliament for enclosure lands in the Parish of Tangley in the County of Southampton, 1828